Online
Catalog

Principles of microeconomics. / (Record no. 41265)

MARC details
000 -CABECERA
campo de control de longitud fija 00558nam a2200181 a 4500
001 - NÚMERO DE CONTROL
campo de control 000041776
005 - FECHA Y HORA DE LA ÚLTIMA TRANSACCIÓN
campo de control 20201002035740.0
008 - DATOS DE LONGITUD FIJA--INFORMACIÓN GENERAL
campo de control de longitud fija 131017s1983 xxua 001 0 spa d
020 ## - NÚMERO INTERNACIONAL ESTÁNDAR DEL LIBRO
Número Internacional Estándar del Libro 0673158578
040 ## - FUENTE DE LA CATALOGACIÓN
Centro catalogador/agencia de origen DO-SdBNP
Lengua de catalogación eng
Centro/agencia transcriptor BNPHU
082 ## - NÚMERO DE LA CLASIFICACIÓN DECIMAL DEWEY
Número de clasificación xxx
Número de documento/Ítem xxx
100 1# - ENTRADA PRINCIPAL--NOMBRE DE PERSONA
Nombre de persona Ruffin, Roy. J.
Fechas asociadas al nombre 1938-
9 (RLIN) 68630
245 10 - MENCIÓN DE TÍTULO
Título Principles of microeconomics. /
Mención de responsabilidad, etc. Roy J. Ruffin, Paul R. Gregory.
260 ## - PUBLICACIÓN, DISTRIBUCIÓN, ETC.
Lugar de publicación, distribución, etc. Dallas Texas, :
Nombre del editor, distribuidor, etc. Scott, Foresman and company,
Fecha de publicación, distribución, etc. 1983.
300 ## - DESCRIPCIÓN FÍSICA
Extensión 484 p. :
Otras características físicas il. ;
Dimensiones 26 cm.
500 ## - NOTA GENERAL
Nota general Includes glossary
700 1# - PUNTO DE ACCESO ADICIONAL--NOMBRE DE PERSONA
Nombre de persona Gregory, Paul R.
9 (RLIN) 68631
Holdings
Estado de retiro Estado de pérdida Restricciones de uso No para préstamo Código de colección Localización permanente Ubicación/localización actual Ubicación en estantería Fecha de adquisición Número de inventario Total de préstamos Signatura topográfica completa Código de barras Fecha visto por última vez Precio válido a partir de Tipo de ítem Koha
      Excluido de préstamo Monografías: Libros y Folletos General General En catalogación 17.10.2013 LF1   xxx xxx 41776-10 25.06.2020 25.06.2020 No se presta

Powered by Koha